000 00387nam a2200157 i 4500
001 bg
100 1 _aROSZAK, W.
245 0 _aTechnologia betonów z kruszyw lekkich /
_cW. Roszak, F. Kubiczek.
250 _aWyd.2 popr. i uakt.
260 _aWarszawa,
_c1979.
700 1 _aKUBICZEK, F.
040 _cBPK
041 _apol
942 _cKS
008 s pl f |000 0 pol
999 _c5277
_d5277
856 _uhttp://koha.tu.koszalin.pl/cgi-bin/koha/opac-detail.pl?biblionumber=5277
_yKatalog online BPK